Southville International School and Colleges

The Miller Of Old Church (Record no. 247541)

000 -LEADER
fixed length control field 00749cam a22002533a 4500
001 - CONTROL NUMBER
control field 18286
003 - CONTROL NUMBER IDENTIFIER
control field PGUSA
005 - DATE AND TIME OF LATEST TRANSACTION
control field 20140828083405.0
008 - FIXED-LENGTH DATA ELEMENTS--GENERAL INFORMATION
fixed length control field 060430s2006||||xxu|||||s|||||000 1 eng d
040 ## - CATALOGING SOURCE
Original cataloging agency PGUSA
Language of cataloging eng
042 ## - AUTHENTICATION CODE
Authentication code dc
050 #4 - LIBRARY OF CONGRESS CALL NUMBER
Classification number PS
100 1# - MAIN ENTRY--PERSONAL NAME
Personal name Glasgow, Ellen Anderson Gholson,
Dates associated with a name 1873-1945
245 14 - TITLE STATEMENT
Title The Miller Of Old Church
Medium [electronic resource] /
Statement of responsibility, etc Ellen Anderson Gholson Glasgow
260 ## - PUBLICATION, DISTRIBUTION, ETC. (IMPRINT)
Name of publisher, distributor, etc Project Gutenberg,
Date of publication, distribution, etc 2006
506 ## - RESTRICTIONS ON ACCESS NOTE
Terms governing access Public domain in the USA.
516 ## - TYPE OF COMPUTER FILE OR DATA NOTE
Type of computer file or data note Electronic text
653 ## - INDEX TERM--UNCONTROLLED
Uncontrolled term Young women -- Fiction
653 ## - INDEX TERM--UNCONTROLLED
Uncontrolled term Illegitimacy -- Fiction
653 ## - INDEX TERM--UNCONTROLLED
Uncontrolled term Southern States -- Fiction
830 #0 - SERIES ADDED ENTRY--UNIFORM TITLE
Uniform title Project Gutenberg
Volume number/sequential designation 18286
856 40 - ELECTRONIC LOCATION AND ACCESS
Uniform Resource Identifier http://www.gutenberg.org/ebooks/18286
942 ## - ADDED ENTRY ELEMENTS (KOHA)
Koha item type eBooks
Holdings
Date acquired Withdrawn status Koha item type Damaged status Current Location Price effective from Lost status Date last seen Permanent Location
2014-08-28 eBooks Project Gutenberg2014-08-28 2014-08-28Project Gutenberg
Powered by Koha